Paroles - Columbine - Cache Cache - Statistiques

Statistiques générales
  • Ce quiz a été pris 83 fois
  • Le résultat moyen est 283 sur 405
Statistiques - réponses
Réponse % Correct
Ça
98%
(ça
98%
de
96%
Un
96%
un
96%
cache
95%
peu
93%
plus
93%
que
91%
se
91%
à
89%
Elle
89%
qu'elle
89%
s'en
89%
sent
89%
dit
88%
et
88%
Et
88%
mal
88%
ses
88%
aille
86%
je
86%
(je
86%
Je
86%
les
86%
Les
86%
(les
86%
pas
86%
pas)
86%
qu'on
86%
veut
86%
sur
84%
te
84%
Te
84%
tes
84%
t'es
84%
T'es
84%
(t'es
84%
la
82%
qui
82%
Qui
82%
(qui
82%
(Qui
82%
C'est
81%
en
81%
tu
81%
né,
79%
sa
79%
ton
79%
Ton
79%
(ton
79%
Encore
77%
encore
77%
est
77%
jean
77%
J'en
77%
On
77%
(on
77%
Ta
77%
ta
77%
traces
77%
(traces
77%
yeux
77%
Enlève
75%
moi
75%
75%
(où
75%
quand
75%
Nike
74%
trop
74%
m'excite
72%
pour
72%
(pour
72%
Pour
72%
cash,
70%
cash
70%
hôtel,
70%
J'ai
70%
J'ferme
70%
là-bas
70%
là-bas)
70%
marches,
70%
marches
70%
s'voit
70%
vois
70%
chez
68%
Columbine,
68%
Columbine
68%
Ici,
68%
(ici,
68%
mais
68%
N'existe
68%
(n'existe
68%
part
68%
partout,
68%
petit
68%
toi
68%
toi)
68%
bouche
67%
idéal
67%
idéal)
67%
J'passe
67%
j'suis
67%
lèvres
67%
m'en
67%
nos
67%
nulle
67%
passé
67%
quelques
67%
sont
67%
célèbre
65%
des
65%
l'âge
65%
lui
65%
manière
65%
monte
65%
open
65%
open)
65%
raconte
65%
T'aimes
65%
colère
63%
colère)
63%
Donc
63%
(donc
63%
high,
63%
high
63%
J'insiste
63%
(j'insiste
63%
J'me
63%
j'vois
63%
n'existent
63%
pointure
63%
portes
63%
pourquoi,
63%
pourquoi
63%
vivre
63%
closes
61%
closes)
61%
c'que
61%
Dis-moi
61%
p'tite
61%
raconter
61%
sers
61%
t'énerves
61%
Dans
60%
(dans
60%
J'm'en
60%
tout
60%
Tout
60%
bas
58%
Depuis
58%
rien,
58%
Sens
58%
(sens
58%
sous
58%
(sous
58%
traînes
58%
traînes)
58%
voir
58%
comme
56%
être
56%
(être
56%
fais
56%
Paris
56%
qu'j'suis
56%
soin
56%
Au
54%
harcelée
54%
harcelée)
54%
j'prends
54%
l'monde
54%
l'monde)
54%
sauver
54%
(sauver
54%
s'marrent
54%
absent
53%
(absent)
53%
bonne
53%
(bonne
53%
car
53%
darron
53%
d'chez
53%
grandi
53%
j'veux
53%
J'veux
53%
l'écouter
53%
l'écouter)
53%
Levé
53%
l'heure
53%
l'Soleil
53%
va
53%
veines
53%
veines)
53%
veux
53%
avoir
51%
bien
51%
conscience
51%
conscience)
51%
Couleur
51%
(couleur
51%
donne
51%
gobelets
51%
gobelets)
51%
J'descends
51%
j'donne
51%
(j'donne
51%
melon
51%
melon)
51%
pièces
51%
pièces)
51%
T'as
51%
tombe
51%
tombe)
51%
m'rattraper
49%
m'rattraper)
49%
n'réponds
49%
Sang
49%
(sang
49%
semblant
49%
semblant,
49%
semblant)
49%
fil
47%
(fil
47%
n'fait
47%
saisons
47%
saisons)
47%
bombes
46%
bombes)
46%
Déshabille-toi,
46%
stagner
42%
stagner)
42%
Messages,
35%
cool-al
28%
cool-al)
28%
Aucun quiz correspondant
Distribution des résultats
% des personnes avec chaque résultat
Percentile par nombre de réponses
Votre historique - résultats
Vous n’avez pas pris ce quiz